[Event "Hoogeveen Open"]
[Site "Hoogeveen, Netherlands"]
[Date "2018.10.20"]
[Round "1.14"]
[White "Warmerdam, Max"]
[Black "Hilwerda, Jonas"]
[Result "1-0"]
[WhiteElo "2417"]
[BlackElo "2109"]

1. d4 {[%clk 01:30:42]} {[%emt 00:00:17]} Nf6 {[%clk 01:30:41]} {[%emt
00:00:20]} 2. c4 {[%clk 01:31:08]} {[%emt 00:00:05]} e5 {[%clk 01:30:14]}
{[%emt 00:00:56]} 3. dxe5 {[%clk 01:31:15]} {[%emt 00:00:22]} Ng4 {[%clk
01:30:39]} {[%emt 00:00:05]} 4. Nf3 {[%clk 01:31:40]} {[%emt 00:00:06]} Bc5
{[%clk 01:30:42]} {[%emt 00:00:27]} 5. e3 {[%clk 01:30:32]} {[%emt 00:01:38]}
Nc6 {[%clk 01:31:05]} {[%emt 00:00:06]} 6. a3 {[%clk 01:11:05]} {[%emt
00:19:57]} a5 {[%clk 01:26:41]} {[%emt 00:04:54]} 7. Nc3 {[%clk 00:40:22]}
{[%emt 00:31:13]} Ngxe5 {[%clk 01:20:06]} {[%emt 00:07:05]} 8. Nxe5 {[%clk
00:39:43]} {[%emt 00:01:10]} Nxe5 {[%clk 01:20:33]} {[%emt 00:00:03]} 9. f4
{[%clk 00:36:34]} {[%emt 00:03:38]} Ng6 {[%clk 01:13:35]} {[%emt 00:07:27]} 10.
Bd3 {[%clk 00:34:46]} {[%emt 00:02:20]} O-O {[%clk 01:10:00]} {[%emt 00:04:04]}
11. O-O {[%clk 00:33:05]} {[%emt 00:02:11]} f5 {[%clk 00:54:15]} {[%emt
00:16:15]} 12. Kh1 {[%clk 00:32:21]} {[%emt 00:01:14]} d6 {[%clk 00:48:36]}
{[%emt 00:06:09]} 13. Qf3 {[%clk 00:28:37]} {[%emt 00:04:14]} c6 {[%clk
00:46:45]} {[%emt 00:02:21]} 14. Bd2 {[%clk 00:27:31]} {[%emt 00:01:36]} Be6
{[%clk 00:45:04]} {[%emt 00:02:11]} 15. e4 {[%clk 00:13:09]} {[%emt 00:14:53]}
Qc7 {[%clk 00:25:42]} {[%emt 00:19:51]} 16. exf5 {[%clk 00:12:52]} {[%emt
00:00:47]} Bxf5 {[%clk 00:26:09]} {[%emt 00:00:03]} 17. Ne4 {[%clk 00:10:14]}
{[%emt 00:03:08]} Bd4 {[%clk 00:18:43]} {[%emt 00:07:57]} 18. Ng5 {[%clk
00:05:20]} {[%emt 00:05:23]} Qd7 {[%clk 00:12:31]} {[%emt 00:06:42]} 19. Rae1
{[%clk 00:03:25]} {[%emt 00:02:25]} Bxb2 {[%clk 00:08:45]} {[%emt 00:04:16]} 20.
Bxf5 {[%clk 00:02:21]} {[%emt 00:01:34]} Rxf5 {[%clk 00:06:08]} {[%emt
00:03:07]} 21. Qh3 {[%clk 00:01:59]} {[%emt 00:00:52]} Nf8 {[%clk 00:03:16]}
{[%emt 00:03:22]} 22. Rb1 {[%clk 00:02:14]} {[%emt 00:00:14]} Bf6 {[%clk
00:03:37]} {[%emt 00:00:11]} 23. Rxb7 {[%clk 00:02:33]} {[%emt 00:00:11]} Rxf4
{[%clk 00:01:57]} {[%emt 00:02:09]} 24. Bxf4 {[%clk 00:02:28]} {[%emt
00:00:35]} Qxb7 {[%clk 00:02:25]} {[%emt 00:00:02]} 25. Bxd6 {[%clk 00:02:40]}
{[%emt 00:00:18]} Bxg5 {[%clk 00:02:17]} {[%emt 00:00:39]} 26. Bxf8 {[%clk
00:03:05]} {[%emt 00:00:05]} Qc8 {[%clk 00:01:17]} {[%emt 00:01:30]} 27. Qg3
{[%clk 00:02:03]} {[%emt 00:01:31]} Qxf8 {[%clk 00:00:54]} {[%emt 00:00:54]} 28.
Rxf8+ {[%clk 00:02:31]} {[%emt 00:00:01]} Rxf8 {[%clk 00:01:20]} {[%emt
00:00:04]} 29. Qe1 {[%clk 00:02:22]} {[%emt 00:00:35]} Bd2 {[%clk 00:00:32]}
{[%emt 00:01:22]} 30. Qe6+ {[%clk 00:02:35]} {[%emt 00:00:17]} Kh8 {[%clk
00:00:47]} {[%emt 00:00:16]} 31. g3 {[%clk 00:02:49]} {[%emt 00:00:16]} Bc1
{[%clk 00:00:36]} {[%emt 00:00:40]} 32. a4 {[%clk 00:02:22]} {[%emt 00:00:57]}
Ba3 {[%clk 00:00:42]} {[%emt 00:00:24]} 33. Qxc6 {[%clk 00:02:44]} {[%emt
00:00:08]} h6 {[%clk 00:00:32]} {[%emt 00:00:40]} 34. c5 {[%clk 00:03:01]}
{[%emt 00:00:12]} Rf1+ {[%clk 00:00:33]} {[%emt 00:00:30]} 35. Kg2 {[%clk
00:03:27]} {[%emt 00:00:05]} Rc1 {[%emt 00:00:35]} 36. Qc8+ {[%clk 00:03:33]}
Kh7 {[%clk 00:01:20]} {[%emt 00:00:01]} 37. c6 {[%clk 00:03:56]} {[%emt
00:00:07]} Bd6 {[%clk 00:00:34]} {[%emt 00:01:16]} 38. Qd7 {[%clk 00:04:05]}
{[%emt 00:00:20]} 1-0

[Event "Hoogeveen Open"]
[Site "Hoogeveen, Netherlands"]
[Date "2018.10.20"]
[Round "1.15"]
[White "De Boer, Bas"]
[Black "Buckels, Valentin"]
[Result "0-1"]
[WhiteElo "2102"]
[BlackElo "2413"]

1. d4 {[%clk 01:30:56]} {[%emt 00:00:03]} Nf6 {[%clk 01:30:36]} {[%emt
00:00:24]} 2. c4 {[%clk 01:31:20]} {[%emt 00:00:06]} e6 {[%clk 01:31:03]}
{[%emt 00:00:04]} 3. Nc3 {[%clk 01:31:40]} {[%emt 00:00:10]} Bb4 {[%clk
01:31:28]} {[%emt 00:00:05]} 4. Qc2 {[%clk 01:32:05]} {[%emt 00:00:04]} O-O
{[%clk 01:31:04]} {[%emt 00:00:54]} 5. Nf3 {[%clk 01:31:40]} {[%emt 00:00:54]}
d6 {[%clk 01:30:51]} {[%emt 00:00:44]} 6. Bd2 {[%clk 01:28:53]} {[%emt
00:03:17]} b6 {[%clk 01:29:51]} {[%emt 00:01:30]} 7. e3 {[%clk 01:26:25]}
{[%emt 00:02:58]} a5 {[%clk 01:25:02]} {[%emt 00:05:19]} 8. Bd3 {[%clk
01:24:01]} {[%emt 00:02:53]} Nbd7 {[%clk 01:24:56]} {[%emt 00:00:38]} 9. a3
{[%clk 01:21:15]} {[%emt 00:03:16]} Bxc3 {[%clk 01:25:08]} {[%emt 00:00:19]} 10.
Bxc3 {[%clk 01:21:42]} {[%emt 00:00:01]} a4 {[%clk 01:24:05]} {[%emt 00:01:33]}
11. O-O-O {[%clk 01:10:28]} {[%emt 00:11:42]} Qe7 {[%clk 01:19:33]} {[%emt
00:05:03]} 12. h4 {[%clk 01:03:18]} {[%emt 00:07:41]} Bb7 {[%clk 01:15:24]}
{[%emt 00:04:40]} 13. Ng5 {[%clk 01:02:10]} {[%emt 00:01:36]} g6 {[%clk
01:08:53]} {[%emt 00:07:02]} 14. f3 {[%clk 00:59:40]} {[%emt 00:02:59]} e5
{[%clk 01:06:23]} {[%emt 00:03:01]} 15. Qf2 {[%clk 00:52:03]} {[%emt 00:08:06]}
h6 {[%clk 01:00:12]} {[%emt 00:06:41]} 16. Nh3 {[%clk 00:49:07]} {[%emt
00:03:26]} Rfe8 {[%clk 00:57:51]} {[%emt 00:02:52]} 17. Bd2 {[%clk 00:39:53]}
{[%emt 00:09:43]} e4 {[%clk 00:56:19]} {[%emt 00:02:02]} 18. Be2 {[%clk
00:39:50]} {[%emt 00:00:33]} c5 {[%clk 00:55:27]} {[%emt 00:01:23]} 19. d5
{[%clk 00:39:45]} {[%emt 00:00:34]} b5 {[%clk 00:55:20]} {[%emt 00:00:37]} 20.
cxb5 {[%clk 00:35:47]} {[%emt 00:04:27]} Bxd5 {[%clk 00:53:00]} {[%emt
00:02:51]} 21. f4 {[%clk 00:33:30]} {[%emt 00:02:47]} Be6 {[%clk 00:50:56]}
{[%emt 00:02:34]} 22. h5 {[%clk 00:33:13]} {[%emt 00:00:46]} Bf5 {[%clk
00:41:29]} {[%emt 00:09:58]} 23. hxg6 {[%clk 00:32:10]} {[%emt 00:01:33]} fxg6
{[%clk 00:41:24]} {[%emt 00:00:35]} 24. Qh4 {[%clk 00:31:33]} {[%emt 00:01:07]}
h5 {[%clk 00:36:33]} {[%emt 00:05:22]} 25. Bc3 {[%clk 00:28:33]} {[%emt
00:03:30]} d5 {[%clk 00:31:55]} {[%emt 00:05:08]} 26. Nf2 {[%clk 00:24:15]}
{[%emt 00:04:45]} d4 {[%clk 00:25:29]} {[%emt 00:06:58]} 27. exd4 {[%clk
00:23:14]} {[%emt 00:01:31]} cxd4 {[%clk 00:23:54]} {[%emt 00:02:05]} 28. Rxd4
{[%clk 00:21:31]} {[%emt 00:02:13]} e3 {[%clk 00:16:42]} {[%emt 00:07:43]} 29.
Bc4+ {[%clk 00:15:51]} {[%emt 00:06:09]} Be6 {[%clk 00:14:23]} {[%emt
00:02:49]} 30. Ne4 {[%clk 00:14:29]} {[%emt 00:01:51]} Rac8 {[%clk 00:10:27]}
{[%emt 00:04:27]} 31. Qg5 {[%clk 00:07:16]} {[%emt 00:07:43]} Rxc4 {[%clk
00:02:34]} {[%emt 00:08:24]} 32. Rxc4 {[%clk 00:07:12]} {[%emt 00:00:34]} Bxc4
{[%clk 00:02:40]} {[%emt 00:00:24]} 33. Nxf6+ {[%clk 00:05:47]} {[%emt
00:01:54]} Nxf6 {[%clk 00:02:45]} {[%emt 00:00:26]} 34. Bxf6 {[%clk 00:04:20]}
{[%emt 00:01:56]} Qe4 {[%clk 00:01:11]} {[%emt 00:02:04]} 35. Qh6 {[%clk
00:02:23]} {[%emt 00:02:27]} Kf7 {[%clk 00:01:30]} {[%emt 00:00:11]} 36. Qg7+
{[%clk 00:02:08]} {[%emt 00:00:45]} Ke6 {[%clk 00:01:58]} {[%emt 00:00:02]} 37.
Bg5 {[%clk 00:02:00]} {[%emt 00:00:37]} e2 {[%clk 00:01:05]} {[%emt 00:01:24]}
38. Qe5+ {[%clk 00:00:41]} {[%emt 00:01:49]} Qxe5 {[%clk 00:01:12]} {[%emt
00:00:24]} 39. fxe5 {[%clk 00:01:09]} {[%emt 00:00:01]} Kxe5 {[%clk 00:01:09]}
{[%emt 00:00:34]} 40. b6 {[%clk 00:01:28]} {[%emt 00:00:11]} Kd5 {[%clk
00:00:32]} {[%emt 00:01:07]} 41. Kd2 {[%clk 00:00:56]} {[%emt 00:01:02]} Kc6
{[%clk 00:30:23]} {[%emt 00:00:39]} 42. Rc1 {[%clk 00:30:13]} {[%emt 00:01:12]}
Kxb6 {[%clk 00:24:24]} {[%emt 00:06:29]} 43. Be3+ {[%clk 00:28:27]} {[%emt
00:02:15]} Kb5 {[%clk 00:24:42]} {[%emt 00:00:13]} 44. Bf2 {[%clk 00:27:13]}
{[%emt 00:01:44]} Rf8 {[%clk 00:22:52]} {[%emt 00:02:20]} 45. Ke1 {[%clk
00:27:19]} {[%emt 00:00:24]} Rf5 {[%clk 00:22:17]} {[%emt 00:01:05]} 46. g3
{[%clk 00:25:17]} {[%emt 00:02:32]} Rd5 {[%clk 00:21:01]} {[%emt 00:01:45]} 47.
Be3 {[%clk 00:25:19]} {[%emt 00:00:26]} Rd7 {[%clk 00:20:35]} {[%emt 00:00:59]}
48. Bf2 {[%clk 00:25:32]} {[%emt 00:00:15]} Rd6 {[%clk 00:19:41]} {[%emt
00:01:26]} 49. Be3 {[%clk 00:25:19]} {[%emt 00:00:42]} Re6 {[%clk 00:19:55]}
{[%emt 00:00:17]} 50. Rc3 {[%clk 00:24:55]} {[%emt 00:00:54]} Re4 {[%clk
00:19:50]} {[%emt 00:00:35]} 51. Bf2 {[%clk 00:24:55]} {[%emt 00:00:30]} Kc6
{[%clk 00:19:55]} {[%emt 00:00:25]} 52. Re3 {[%clk 00:24:16]} {[%emt 00:01:09]}
Kd5 {[%clk 00:15:22]} {[%emt 00:05:03]} 53. Kd2 {[%clk 00:19:03]} {[%emt
00:05:42]} Rd4+ {[%clk 00:14:05]} {[%emt 00:01:48]} 54. Kc3 {[%clk 00:17:34]}
{[%emt 00:02:00]} Rd1 {[%clk 00:14:20]} {[%emt 00:00:14]} 55. Re8 {[%clk
00:17:11]} {[%emt 00:00:52]} Rf1 {[%clk 00:13:23]} {[%emt 00:01:28]} 56. Rd8+
{[%clk 00:17:31]} {[%emt 00:00:09]} Ke4 {[%clk 00:13:37]} {[%emt 00:00:17]} 57.
Kxc4 {[%clk 00:17:07]} {[%emt 00:00:54]} 0-1

[Event "Hoogeveen Open"]
[Site "Hoogeveen, Netherlands"]
[Date "2018.10.20"]
[Round "1.16"]
[White "Zwirs, Nico"]
[Black "Van Dorp, Folke"]
[Result "1-0"]
[WhiteElo "2410"]
[BlackElo "2097"]

1. e4 {[%clk 01:30:54]} {[%emt 00:00:04]} d6 {[%clk 01:30:54]} {[%emt
00:00:07]} 2. d4 {[%clk 01:31:14]} {[%emt 00:00:10]} Nf6 {[%clk 01:31:18]}
{[%emt 00:00:06]} 3. Nc3 {[%clk 01:31:20]} {[%emt 00:00:24]} e5 {[%clk
01:31:27]} {[%emt 00:00:21]} 4. Nf3 {[%clk 01:31:28]} {[%emt 00:00:21]} exd4
{[%clk 01:30:47]} {[%emt 00:01:10]} 5. Nxd4 {[%clk 01:31:49]} {[%emt 00:00:08]}
Be7 {[%clk 01:31:11]} {[%emt 00:00:07]} 6. Bf4 {[%clk 01:30:18]} {[%emt
00:02:01]} O-O {[%clk 01:31:13]} {[%emt 00:00:29]} 7. Qd2 {[%clk 01:30:46]}
{[%emt 00:00:01]} a6 {[%clk 01:27:53]} {[%emt 00:03:51]} 8. O-O-O {[%clk
01:30:02]} {[%emt 00:01:13]} Re8 {[%clk 01:13:11]} {[%emt 00:15:13]} 9. f3
{[%clk 01:30:22]} {[%emt 00:00:08]} Bf8 {[%clk 01:09:05]} {[%emt 00:04:38]} 10.
g4 {[%clk 01:28:30]} {[%emt 00:02:22]} Bd7 {[%clk 01:00:11]} {[%emt 00:09:24]}
11. Nf5 {[%clk 01:23:26]} {[%emt 00:05:34]} Nc6 {[%clk 00:57:49]} {[%emt
00:02:53]} 12. Bg5 {[%clk 01:15:31]} {[%emt 00:08:24]} Ne5 {[%clk 00:54:28]}
{[%emt 00:03:51]} 13. Qg2 {[%clk 01:12:55]} {[%emt 00:03:05]} Bxf5 {[%clk
00:48:00]} {[%emt 00:06:59]} 14. gxf5 {[%clk 01:12:36]} {[%emt 00:00:48]} c6
{[%clk 00:48:16]} {[%emt 00:00:15]} 15. Rg1 {[%clk 01:10:48]} {[%emt 00:02:18]}
Kh8 {[%clk 00:48:19]} {[%emt 00:00:26]} 16. f4 {[%clk 01:09:27]} {[%emt
00:01:51]} Ned7 {[%clk 00:47:16]} {[%emt 00:01:33]} 17. e5 {[%clk 01:08:27]}
{[%emt 00:01:30]} Nxe5 {[%clk 00:41:42]} {[%emt 00:06:04]} 18. fxe5 {[%clk
01:08:34]} {[%emt 00:00:24]} Rxe5 {[%clk 00:42:07]} {[%emt 00:00:05]} 19. Ne4
{[%clk 01:05:05]} {[%emt 00:03:58]} Rxe4 {[%clk 00:40:47]} {[%emt 00:01:52]} 20.
Bxf6 {[%clk 01:04:28]} {[%emt 00:01:06]} Qxf6 {[%clk 00:41:14]} {[%emt
00:00:03]} 21. Qxe4 {[%clk 01:04:45]} {[%emt 00:00:13]} d5 {[%clk 00:41:38]}
{[%emt 00:00:07]} 22. Qf3 {[%clk 01:04:27]} {[%emt 00:00:46]} Bd6 {[%clk
00:40:22]} {[%emt 00:01:47]} 23. Rg2 {[%clk 01:02:36]} {[%emt 00:02:20]} Be5
{[%clk 00:40:26]} {[%emt 00:00:27]} 24. c3 {[%clk 01:02:36]} {[%emt 00:00:30]}
b5 {[%clk 00:40:10]} {[%emt 00:00:45]} 25. Kb1 {[%clk 01:02:56]} {[%emt
00:00:10]} 1-0

[Event "Hoogeveen Open"]
[Site "Hoogeveen, Netherlands"]
[Date "2018.10.20"]
[Round "1.17"]
[White "Mijnheer, Peter"]
[Black "Van Delft, Merijn"]
[Result "0-1"]
[WhiteElo "2092"]
[BlackElo "2381"]

1. e4 {[%clk 01:30:56]} {[%emt 00:00:03]} c5 {[%clk 01:30:44]} {[%emt
00:00:16]} 2. Nf3 {[%clk 01:31:20]} {[%emt 00:00:06]} d6 {[%clk 01:31:07]}
{[%emt 00:00:07]} 3. d4 {[%clk 01:31:41]} {[%emt 00:00:09]} cxd4 {[%clk
01:31:32]} {[%emt 00:00:05]} 4. Nxd4 {[%clk 01:32:05]} {[%emt 00:00:06]} Nf6
{[%clk 01:31:47]} {[%emt 00:00:14]} 5. Nc3 {[%clk 01:32:29]} {[%emt 00:00:07]}
a6 {[%clk 01:32:12]} {[%emt 00:00:04]} 6. Be2 {[%clk 01:32:39]} {[%emt
00:00:20]} e5 {[%clk 01:32:07]} {[%emt 00:00:35]} 7. Nb3 {[%clk 01:33:04]}
{[%emt 00:00:06]} Be7 {[%clk 01:31:57]} {[%emt 00:00:40]} 8. O-O {[%clk
01:33:27]} {[%emt 00:00:07]} O-O {[%clk 01:32:16]} {[%emt 00:00:09]} 9. Re1
{[%clk 01:33:44]} {[%emt 00:00:16]} Be6 {[%clk 01:29:09]} {[%emt 00:03:35]} 10.
Bf1 {[%clk 01:33:49]} {[%emt 00:00:26]} Nbd7 {[%clk 01:28:23]} {[%emt
00:01:16]} 11. Nd5 {[%clk 01:33:32]} {[%emt 00:00:47]} Bxd5 {[%clk 01:27:16]}
{[%emt 00:01:37]} 12. exd5 {[%clk 01:33:56]} {[%emt 00:00:06]} Ne8 {[%clk
01:27:18]} {[%emt 00:00:28]} 13. a4 {[%clk 01:30:36]} {[%emt 00:03:51]} b6
{[%clk 01:21:06]} {[%emt 00:06:41]} 14. a5 {[%clk 01:21:49]} {[%emt 00:09:17]}
b5 {[%clk 01:20:59]} {[%emt 00:00:35]} 15. c4 {[%clk 01:21:54]} {[%emt
00:00:28]} bxc4 {[%clk 01:20:18]} {[%emt 00:01:10]} 16. Bxc4 {[%clk 01:22:15]}
{[%emt 00:00:09]} Qc7 {[%clk 01:16:25]} {[%emt 00:04:22]} 17. Qe2 {[%clk
01:15:00]} {[%emt 00:07:46]} Qb7 {[%clk 01:11:13]} {[%emt 00:05:41]} 18. Nd4
{[%clk 00:54:38]} {[%emt 00:20:53]} Bf6 {[%clk 01:02:43]} {[%emt 00:08:59]} 19.
Nc6 {[%clk 00:51:27]} {[%emt 00:03:43]} Nc7 {[%clk 01:01:25]} {[%emt 00:01:46]}
20. Ra4 {[%clk 00:47:44]} {[%emt 00:04:15]} Rac8 {[%clk 00:49:14]} {[%emt
00:12:40]} 21. Rb4 {[%clk 00:35:41]} {[%emt 00:12:33]} Qa8 {[%clk 00:49:32]}
{[%emt 00:00:09]} 22. Qg4 {[%clk 00:28:57]} {[%emt 00:07:18]} Nb8 {[%clk
00:42:22]} {[%emt 00:07:39]} 23. Rb6 {[%clk 00:19:49]} {[%emt 00:09:38]} Nxc6
{[%clk 00:41:23]} {[%emt 00:01:28]} 24. Rxc6 {[%clk 00:18:53]} {[%emt
00:01:27]} Nb5 {[%clk 00:40:17]} {[%emt 00:01:35]} 25. Bxb5 {[%clk 00:18:26]}
{[%emt 00:00:59]} axb5 {[%clk 00:40:37]} {[%emt 00:00:08]} 26. Rxd6 {[%clk
00:18:47]} {[%emt 00:00:10]} Rc4 {[%clk 00:32:50]} {[%emt 00:08:15]} 27. Qe2
{[%clk 00:16:28]} {[%emt 00:02:51]} Qxa5 {[%clk 00:31:41]} {[%emt 00:01:39]} 28.
b3 {[%clk 00:16:31]} {[%emt 00:00:27]} Rc2 {[%clk 00:29:11]} {[%emt 00:02:59]}
29. Qd1 {[%clk 00:14:37]} {[%emt 00:02:25]} Rfc8 {[%clk 00:27:56]} {[%emt
00:01:44]} 30. Be3 {[%clk 00:14:05]} {[%emt 00:01:03]} Qb4 {[%clk 00:20:17]}
{[%emt 00:08:08]} 31. Rb6 {[%clk 00:10:41]} {[%emt 00:03:54]} Rb2 {[%clk
00:16:30]} {[%emt 00:04:18]} 32. Rxf6 {[%clk 00:10:39]} {[%emt 00:00:31]} gxf6
{[%clk 00:16:19]} {[%emt 00:00:42]} 33. h3 {[%clk 00:06:14]} {[%emt 00:04:56]}
Rd8 {[%clk 00:13:42]} {[%emt 00:03:06]} 34. Rf1 {[%clk 00:05:57]} {[%emt
00:00:47]} Qe4 {[%clk 00:09:43]} {[%emt 00:04:29]} 35. d6 {[%clk 00:06:01]}
{[%emt 00:00:27]} Kh8 {[%clk 00:08:15]} {[%emt 00:01:56]} 36. d7 {[%clk
00:04:49]} {[%emt 00:01:43]} Qc6 {[%clk 00:04:38]} {[%emt 00:04:07]} 37. Qa1
{[%clk 00:02:50]} {[%emt 00:02:29]} Rc2 {[%clk 00:04:10]} {[%emt 00:00:57]} 38.
Rd1 {[%clk 00:02:08]} {[%emt 00:01:13]} Rxd7 {[%clk 00:02:09]} {[%emt
00:02:31]} 39. Rxd7 {[%clk 00:02:16]} {[%emt 00:00:22]} Qxd7 {[%clk 00:02:30]}
{[%emt 00:00:09]} 40. Qa8+ {[%clk 00:02:39]} {[%emt 00:00:07]} Rc8 {[%clk
00:01:49]} {[%emt 00:01:10]} 41. Qe4 {[%clk 00:27:58]} {[%emt 00:05:11]} Qc6
{[%clk 00:27:55]} {[%emt 00:04:25]} 0-1

[Event "Hoogeveen Open"]
[Site "Hoogeveen, Netherlands"]
[Date "2018.10.20"]
[Round "1.18"]
[White "Miedema, David"]
[Black "Jelic, Bruno"]
[Result "1-0"]
[WhiteElo "2379"]
[BlackElo "2076"]

1. e4 {[%clk 01:30:57]} {[%emt 00:00:03]} g6 {[%clk 01:30:47]} {[%emt
00:00:13]} 2. d4 {[%clk 01:31:18]} {[%emt 00:00:09]} Bg7 {[%clk 01:31:08]}
{[%emt 00:00:09]} 3. c4 {[%clk 01:31:44]} {[%emt 00:00:05]} d6 {[%clk
01:31:09]} {[%emt 00:00:29]} 4. Nc3 {[%clk 01:32:09]} {[%emt 00:00:04]} Nf6
{[%clk 01:31:12]} {[%emt 00:00:26]} 5. Nf3 {[%clk 01:32:35]} {[%emt 00:00:06]}
O-O {[%clk 01:31:25]} {[%emt 00:00:17]} 6. Be2 {[%clk 01:33:02]} {[%emt
00:00:03]} Na6 {[%clk 01:31:42]} {[%emt 00:00:13]} 7. Bg5 {[%clk 01:32:40]}
{[%emt 00:00:51]} c6 {[%clk 01:26:44]} {[%emt 00:05:28]} 8. O-O {[%clk
01:32:46]} {[%emt 00:00:23]} e5 {[%clk 01:18:30]} {[%emt 00:08:46]} 9. d5
{[%clk 01:26:35]} {[%emt 00:06:41]} h6 {[%clk 01:12:57]} {[%emt 00:06:02]} 10.
Be3 {[%clk 01:26:58]} {[%emt 00:00:06]} Ng4 {[%clk 01:12:23]} {[%emt 00:01:04]}
11. Bc1 {[%clk 01:27:14]} {[%emt 00:00:15]} f5 {[%clk 01:12:10]} {[%emt
00:00:43]} 12. exf5 {[%clk 01:27:14]} {[%emt 00:00:31]} gxf5 {[%clk 01:12:15]}
{[%emt 00:00:24]} 13. g3 {[%clk 01:27:20]} {[%emt 00:00:24]} Nc5 {[%clk
00:54:23]} {[%emt 00:18:22]} 14. Nh4 {[%clk 01:23:50]} {[%emt 00:03:59]} e4
{[%clk 00:47:00]} {[%emt 00:07:54]} 15. Nxf5 {[%clk 01:04:26]} {[%emt
00:19:54]} Nxf2 {[%clk 00:45:17]} {[%emt 00:02:14]} 16. Nxh6+ {[%clk 01:00:39]}
{[%emt 00:04:16]} Bxh6 {[%clk 00:44:53]} {[%emt 00:00:53]} 17. Rxf2 {[%clk
01:00:03]} {[%emt 00:01:07]} Rxf2 {[%clk 00:42:45]} {[%emt 00:02:38]} 18. Bxh6
{[%clk 01:00:07]} {[%emt 00:00:25]} Rf7 {[%clk 00:40:02]} {[%emt 00:03:13]} 19.
Qd2 {[%clk 00:53:25]} {[%emt 00:07:13]} Bf5 {[%clk 00:32:54]} {[%emt 00:07:38]}
20. Rf1 {[%clk 00:52:00]} {[%emt 00:01:55]} Bg6 {[%clk 00:30:31]} {[%emt
00:02:52]} 21. Rxf7 {[%clk 00:51:26]} {[%emt 00:01:05]} Kxf7 {[%clk 00:27:40]}
{[%emt 00:03:20]} 22. b4 {[%clk 00:42:08]} {[%emt 00:09:49]} Nd3 {[%clk
00:23:19]} {[%emt 00:04:50]} 23. Nxe4 {[%clk 00:40:11]} {[%emt 00:02:27]} Bxe4
{[%clk 00:19:44]} {[%emt 00:04:05]} 24. Bxd3 {[%clk 00:40:28]} {[%emt
00:00:13]} cxd5 {[%clk 00:18:40]} {[%emt 00:01:33]} 25. cxd5 {[%clk 00:33:01]}
{[%emt 00:07:57]} Bxd3 {[%clk 00:14:07]} {[%emt 00:05:03]} 26. Qxd3 {[%clk
00:33:29]} {[%emt 00:00:04]} Qe7 {[%clk 00:03:45]} {[%emt 00:10:51]} 27. h4
{[%clk 00:26:40]} {[%emt 00:07:19]} Ke8 {[%clk 00:01:18]} {[%emt 00:02:56]} 28.
Bg5 {[%clk 00:26:09]} {[%emt 00:01:01]} Qe1+ {[%clk 00:01:09]} {[%emt
00:00:39]} 29. Kg2 {[%clk 00:26:32]} {[%emt 00:00:07]} Kd7 {[%clk 00:01:18]}
{[%emt 00:00:20]} 30. Qh7+ {[%clk 00:26:09]} {[%emt 00:00:54]} Kc8 {[%clk
00:00:48]} {[%emt 00:01:00]} 31. Qf7 {[%clk 00:21:53]} {[%emt 00:04:45]} Qe2+
{[%clk 00:00:32]} {[%emt 00:00:47]} 32. Kh3 {[%clk 00:22:20]} {[%emt 00:00:03]}
a5 {[%clk 00:00:35]} {[%emt 00:00:28]} 33. bxa5 {[%clk 00:22:02]} {[%emt
00:00:48]} Rxa5 {[%clk 00:00:44]} {[%emt 00:00:21]} 34. Qf8+ {[%clk 00:22:27]}
{[%emt 00:00:05]} 1-0

[Event "Hoogeveen Open"]
[Site "Hoogeveen, Netherlands"]
[Date "2018.10.20"]
[Round "1.21"]
[White "Boersma, Jan"]
[Black "Colijn, Stefan"]
[Result "0-1"]
[WhiteElo "2047"]
[BlackElo "2340"]

1. e4 {[%clk 01:30:58]} {[%emt 00:00:01]} e5 {[%clk 01:30:48]} {[%emt
00:00:12]} 2. Nc3 {[%clk 01:31:10]} {[%emt 00:00:18]} Nc6 {[%clk 01:30:39]}
{[%emt 00:00:38]} 3. Nf3 {[%clk 01:31:34]} {[%emt 00:00:07]} Nf6 {[%clk
01:31:01]} {[%emt 00:00:08]} 4. Bb5 {[%clk 01:31:58]} {[%emt 00:00:06]} d6
{[%clk 01:30:59]} {[%emt 00:00:31]} 5. d4 {[%clk 01:31:52]} {[%emt 00:00:36]}
exd4 {[%clk 01:31:14]} {[%emt 00:00:16]} 6. Qxd4 {[%clk 01:32:16]} {[%emt
00:00:06]} Bd7 {[%clk 01:30:27]} {[%emt 00:01:17]} 7. Bxc6 {[%clk 01:32:39]}
{[%emt 00:00:07]} bxc6 {[%clk 01:27:56]} {[%emt 00:03:01]} 8. Bg5 {[%clk
01:29:30]} {[%emt 00:03:39]} Be7 {[%clk 01:24:30]} {[%emt 00:03:55]} 9. O-O-O
{[%clk 01:23:20]} {[%emt 00:06:41]} O-O {[%clk 01:16:28]} {[%emt 00:08:31]} 10.
e5 {[%clk 01:11:00]} {[%emt 00:12:50]} Ne8 {[%clk 01:13:40]} {[%emt 00:03:18]}
11. Bxe7 {[%clk 01:03:51]} {[%emt 00:07:40]} Qxe7 {[%clk 01:13:59]} {[%emt
00:00:11]} 12. Rhe1 {[%clk 00:57:26]} {[%emt 00:06:54]} Be6 {[%clk 01:01:50]}
{[%emt 00:12:38]} 13. Qb4 {[%clk 00:56:59]} {[%emt 00:00:59]} Rd8 {[%clk
00:57:31]} {[%emt 00:04:48]} 14. Qb7 {[%clk 00:43:20]} {[%emt 00:14:09]} dxe5
{[%clk 00:43:57]} {[%emt 00:14:04]} 15. Qxc6 {[%clk 00:39:02]} {[%emt
00:04:48]} Rxd1+ {[%clk 00:39:51]} {[%emt 00:04:36]} 16. Rxd1 {[%clk 00:39:14]}
{[%emt 00:00:17]} Nd6 {[%clk 00:39:56]} {[%emt 00:00:25]} 17. Nd5 {[%clk
00:33:25]} {[%emt 00:06:20]} Bxd5 {[%clk 00:38:08]} {[%emt 00:02:18]} 18. Qxd5
{[%clk 00:33:43]} {[%emt 00:00:11]} e4 {[%clk 00:32:23]} {[%emt 00:06:17]} 19.
Nd4 {[%clk 00:33:15]} {[%emt 00:00:57]} Qh4 {[%clk 00:32:02]} {[%emt 00:00:51]}
20. c4 {[%clk 00:17:42]} {[%emt 00:16:04]} Qxf2 {[%clk 00:27:27]} {[%emt
00:05:03]} 21. c5 {[%clk 00:17:38]} {[%emt 00:00:35]} Qf4+ {[%clk 00:26:37]}
{[%emt 00:01:20]} 22. Kb1 {[%clk 00:15:56]} {[%emt 00:02:12]} Ne8 {[%clk
00:26:51]} {[%emt 00:00:16]} 23. Nf5 {[%clk 00:12:02]} {[%emt 00:04:24]} Nf6
{[%clk 00:15:58]} {[%emt 00:11:23]} 24. Ne7+ {[%clk 00:12:20]} {[%emt
00:00:13]} Kh8 {[%clk 00:16:27]} 25. Qxf7 {[%clk 00:12:38]} {[%emt 00:00:13]}
Rxf7 {[%clk 00:16:30]} {[%emt 00:00:26]} 26. Rd8+ {[%clk 00:13:06]} {[%emt
00:00:02]} Ne8 {[%clk 00:16:50]} {[%emt 00:00:09]} 27. Rxe8+ {[%clk 00:13:32]}
{[%emt 00:00:05]} Rf8 {[%clk 00:17:13]} {[%emt 00:00:07]} 28. c6 {[%clk
00:13:11]} {[%emt 00:00:20]} 0-1